000
00314nam a2200109Ia 4500
008
220204s9999 xx 000 0 und d
082
_a
82-36
_b
SES.2
100
_a
Frith, Michael
245
4
_a
The Sesame street treasury. Book 2 (Featuring the letters G to M)
260
_a
New York
_b
Random House
_c
1979
942
_c
BK
999
_c
38511
_d
38511